000 005020000a22001930004500
001 001664
003 MACL
005 20150802151152.0
008 150802b xxu||||| |||| 00| 0 eng d
040 _aMACL
_cMACL
041 _aEnglish
082 _a364/NAG
100 _aSingh, Samar
_94157
245 _aMaintenance Of Public Order
_bA Source Book
_cSamar Singh
260 _aNew Delhi
_c2004
_bNational books Trust,
350 _a60
650 _aPublic Administration
_94372
942 _k364
_cBK
_2ddc
999 _c13582
_d13582